LEADER 00771nam0-22002771i-450- 001 990002819540403321 035 $a000281954 035 $aFED01000281954 035 $a(Aleph)000281954FED01 035 $a000281954 100 $a20000920d1988----km-y0itay50------ba 101 1$aENG 200 1 $aSecurization.$fby John Henderson and Jonat han P. Scoot. 210 $aNew York$cWoodhead Faulkner$d1988 215 $aP VII 182 cm24 300 $aPART II : Capital Unvestement 700 1$aHenderson,$bJohn$0373480 702 1$aScott,$bJonathan P. 801 0$aIT$bUNINA$gRICA$2UNIMARC 901 $aBK 912 $a990002819540403321 952 $a4-743-TB$bDEA INV.N. 1962$fECA 959 $aECA 996 $aSecurization$9419707 997 $aUNINA DB $aING01 LEADER 01166nam--2200409---450- 001 990000612390203316 005 20060125100532.0 035 $a0061239 035 $aUSA010061239 035 $a(ALEPH)000061239USA01 035 $a0061239 100 $a20010907d1973----km-y0itay0103----ba 101 $aita 102 $aIT 105 $a||||||||001yy 200 1 $aAmarcord$fFederico Fellini a Tonino Guerra 210 $aMilano$cRizzoli$d1973 215 $a156 p.$d23 cm 225 2 $aLa scala 410 $12001$aLa scala$v91 676 $a852.914 700 1$aFELLINI,$bFederico$0185913 701 1$aGUERRA,$bTonino$0450018 801 0$aIT$bsalbc$gISBD 912 $a990000612390203316 951 $aVI.3.A. 1534(V A 1074)$b139258 LM$cV A 959 $aBK 969 $aUMA 979 $aPATTY$b90$c20010907$lUSA01$h1122 979 $aPATTY$b90$c20010907$lUSA01$h1124 979 $aPATTY$b90$c20011015$lUSA01$h2304 979 $aPATTY$b90$c20011015$lUSA01$h2305 979 $c20020403$lUSA01$h1710 979 $aPATRY$b90$c20040406$lUSA01$h1642 979 $aCOPAT1$b90$c20060125$lUSA01$h1005 996 $aAmarcord$9957691 997 $aUNISA